000
00337nam a2200145Ia 4500
008
231217s9999 xx 000 0 und d
041
_a
English
082
_a
001.6424JAV HIT;1 R
100
_a
Hitchens, Ron
245
0
_a
Java NIO
260
_c
2002
_b
Shroft Pub
_a
Mumbai
300
_a
xvii+282
650
_a
Java,NIO
942
_c
AA
999
_c
171633
_d
171633